000 00355cam a2200133ua 4500
003 OSt
008 250527b |||||||| |||| 00| 0 eng d
082 _a624.171
_bRAO/ST
100 _aRao, J K .
_91679
245 _aStructural engineering Part-1(B): designs in steel /
260 _aBangalore :
_bDixit & Co. ,
_c1967.
300 _a213 ; .
942 _cBK
999 _c9050
_d9050